| 000 | 00602nam a2200193Ia 4500 | ||
|---|---|---|---|
| 008 | 131103s9999 xx 000 0 und d | ||
| 020 |
_a8177585673 _cRs 385.00 |
||
| 040 | _aLoreto College | ||
| 041 | _aEnglish | ||
| 082 |
_a005.74/SIN _bLCLIB/46030,47606,48027,48028 |
||
| 100 | _aSingh, S.K. | ||
| 245 |
_aDatabase systems _b Concepts, design and applications _cS.K. Singh |
||
| 260 |
_aNew Delhi _bPearson Education _c2006 |
||
| 300 |
_axxvi,867p _c 24 cm |
||
| 504 | _aIncludes bibliographical references and index | ||
| 650 | _aDatabase Systems | ||
| 850 | _aLCLIB/005.74/SIN | ||
| 942 | _cBK | ||
| 999 |
_c17992 _d68471 |
||